000 00884cab a2200253 4500
001 WB3120-17
008 090401t1995 xxu||||| |||| 00| 0 eng d
035 _a(Sirsi) u74865
041 _aeng
245 _aEx-mining villages moves 400 yards down the road
260 _c1995
350 _a0
490 _aGuardian
_v23 May 195, 4
490 _aIndependent
_v23 May 1995, 4(2)
520 _aA new village has been built to rehouse the inhabitants of Arkwright Town after methane gas leaked from abandoned mine workings. British Coal, whilst not admitting liability, offered to rebuild the village in return for the right to set up a new opencast mine.
650 _aABANDONED MINE WORKING
650 _aBRITISH COAL
650 _aLIABILITY
650 _aMETHANE GAS
650 _aOPENCAST MINING
690 _aMINING AND MINERALS
942 _n0
948 _c04/03/1997
999 _c47168
_d47168